000 00614nam a22002177a 4500
005 20240301132500.0
008 240301b ||||| |||| 00| 0 eng d
020 _a9789358497892
040 _aIN-DiNC
_cIN-DiNC
041 _dasm
082 _a181.45
_bSAI
100 _aSaikia, Hemanta
_eauthor
245 _aYoga/
_cby Hemanta Saikia, Dharjya Jyoti Patowari and Pulen Das
250 _a1st ed.
260 _aDibrugarh:
_bBanalata,
_c2024.
300 _a84p.
650 _aPhilosophical perspective of Yoga
700 _aPatowari, Dharjya Jyoti
_eauthor
700 _aDas, Pulen
_eauthor
942 _2ddc
_cBK
999 _c11777
_d11777